1632 1565 1056 1475 1871 1976 1072 1550 1952 1536 1068 1193 1212 1319 1627 1919 1998 1889 1650 1984 1241 1581 1792 1319 1212 1626 1472 1109 1090 1018 1899 1977 1421 1950 1229 1591 1893 1784 1302 1428 1958 1796 1874 1115 1333 1682 1071 1128 1524 1562 1010 1223 1324 1588 1109 1141 1070 1498 1842 1909 1746 1406 1249 1309 1612 1527 1023 1526 1757 1975 1130 1934 1053 1144 1043 1069 1643 1607 1009 1667 1787 1243 1944 1157 1884 1566 1248 1214 1931 1197 1411 1763 1742 1948 1285 1372 1808 1882 1385 BCNSPRNW ULIB Ver.6.0+V

เปลี่ยนเป็นภาษาไทย

Change to English
 แสดงรายละเอียดบรรณานุกรม
  กลับหน้าหลัก

Brief Record : Get Marc (ISO 2709) : E-mail record : QR code < ปิดหน้าต่าง
LEADER : 00000nam 2200000uu 4500
001    13399114401
003     ULIB
008    120328s||||||||th 000 0 tha d
020    ^a9789742466350
050 04 ^aPL4158^bก563ห
100 0  ^aกำชัย ทองหล่อ
245 10 ^aหลักภาษาไทย /^cกำชัย ทองหล่อ
250    พิมพ์ครั้งที่ 53
260    ^aกรุงเทพฯ :^bรวมสาส์น,^c2552
300    ^a540 หน้า
650    ^aหลักภาษาไทย
945    ^p345^l0^i031492
995    ^aทศพร
999 ^a ทศพร
รายการนี้ยังไม่มีแท็ก
คุณยังไม่ได้ล็อกอิน คุณสามารถมีกิจกรรมร่วมกับเว็บไซต์ได้ แต่ต้องล็อกอินก่อน ::
  ล็อกอิน

รายการสื่อสารสนเทศ

ลำดับที่ ประเภท เลขเรียก/บาร์โค้ด สถานที่ สถานะ
- ไม่พบข้อมูล -

รายการใกล้เคียง
    ผู้แต่ง [กำชัย ทองหล่อ]

    หัวเรื่อง [หลักภาษาไทย]

BibComment


ยังไม่เคยถูกคอมเมนท์

คอมเมนท์ทรัพยากรรายการนี้
  คอมเมนท์: หลักภาษาไทย กำช..


 Copyright 2026. Bcnsprnw @Library